Návrh opatrení na zlepšenie činností personálneho marketingu v podmienkach priemyselného podniku SHP Harmanec, a.s.

Gespeichert in:
Bibliographische Detailangaben
1. Verfasser: Daubnerová, Ingrid (Verfasst von)
Weitere Verfasser: Chlpeková, Andrea (Betreuung Doktorarbeit)
Format: Manuskript Buch
Sprache:Slowakisch
Veröffentlicht: 2019
Schlagworte:
Online-Zugang:http://is.stuba.sk/zp/portal_zp.pl?podrobnosti=139593
Tags: Tag hinzufügen
Keine Tags, Fügen Sie das erste Tag hinzu!

MARC

LEADER 00000ntm a22000003a 4500
001 stuzp72816
003 SK-STU
005 20190622211045.2
007 ta
008 150427s2015----xo-----f-mn---000-0-slo-d
040 |a STU  |b slo 
041 0 |a slo 
100 1 |a Daubnerová, Ingrid  |u 064000  |4 aut  |U MTF Materiálovotechnologická fakulta  |T MTF Ústav priemyselného inžinierstva a manažmentu  |X 88366  |U M4000  |Y 84  |7 88366 
242 0 1 |a Proposal of recommendations for improving the personal marketing activities in the conditions of an industrial enterprise SHP Harmanec, a.s.  |y eng 
245 1 0 |a Návrh opatrení na zlepšenie činností personálneho marketingu v podmienkach priemyselného podniku SHP Harmanec, a.s. 
260 |c 2019 
650 4 |a personálny marketing  |2 slo 
650 4 |a marketing  |2 slo 
650 4 |a employer branding  |2 slo 
650 4 |a získavanie zamestnancov  |2 slo 
650 4 |a personnel marketing  |2 eng 
650 4 |a marketing  |2 eng 
650 4 |a employer branding  |2 eng 
650 4 |a recruitment  |2 eng 
700 1 |a Chlpeková, Andrea  |u 064000  |k Z1  |4 ths  |U MTF Materiálovotechnologická fakulta  |T MTF Ústav priemyselného inžinierstva a manažmentu  |X 237  |U M4000  |Y 84  |7 A000000237 
856 4 |u http://is.stuba.sk/zp/portal_zp.pl?podrobnosti=139593 
996 |c M* BP-8581  |l MMSKP  |s P  |a 0  |w stuzp72816_0001